[Event "Asian Continental"]
[Site "?"]
[Date "2012.05.12"]
[Round "8"]
[White "Ni, Hua"]
[Black "Le Quang, Liem"]
[Result "1-0"]
[WhiteElo "2673"]
[BlackElo "2703"]
[PlyCount "61"]
[EventDate "2012.??.??"]
[SourceDate "2012.05.12"]

1. e4 c5 2. Nf3 d6 3. d4 cxd4 4. Nxd4 Nf6 5. Nc3 a6 6. Be3 e6 7. Be2 Qc7 8. g4
b5 9. g5 Nfd7 10. a3 Bb7 11. Qd2 Nc6 12. Nxc6 Bxc6 13. f4 Nc5 14. Bf3 Qb7 15.
Qd4 e5 16. fxe5 Ne6 17. Qd2 dxe5 18. Nd5 Bd6 19. O-O-O O-O 20. h4 a5 21. h5 b4
22. h6 bxa3 23. b3 Rfc8 24. Nb6 Bb4 25. Qh2 Bxe4 26. hxg7 a2 27. Kb2 a4 28. c4
axb3 29. g6 h5 30. Qxh5 Ba3+ 31. Kxb3 1-0

[Event "USA Championship"]
[Site "Saint Louis USA"]
[Date "2012.05.12"]
[Round "5"]
[White "Kamsky, Gata"]
[Black "Akobian, Varuzhan"]
[Result "1-0"]
[WhiteElo "2741"]
[BlackElo "2625"]
[PlyCount "99"]
[EventDate "2012.??.??"]

1. e4 e5 2. Nf3 Nc6 3. Bb5 Nf6 4. O-O Nxe4 5. d4 Nd6 6. Bxc6 dxc6 7. dxe5 Nf5
8. Qxd8+ Kxd8 9. Rd1+ Ke8 10. Nc3 h6 11. b3 Ne7 12. h3 Ng6 13. Ne2 a5 14. a4
Be6 15. Bb2 Bc5 16. Nd2 Rd8 17. Ne4 Rxd1+ 18. Rxd1 Be7 19. f3 h5 20. Kf2 Bd5
21. N4g3 Bc5+ 22. Bd4 Bf8 23. c4 Be6 24. Ne4 b6 25. Bc3 c5 26. Bb2 Be7 27. N2c3
c6 28. Nd6+ Kf8 29. Nce4 h4 30. Nb7 Ke8 31. Nf6+ gxf6 32. exf6 Rg8 33. Ke3 Nf8
34. Rd2 Nd7 35. fxe7 Kxe7 36. Nd6 f6 37. Kf4 Nf8 38. Bc3 Ng6+ 39. Ke4 Nf8 40.
Ke3 Rg6 41. Kf2 Rg8 42. Ne4 Nh7 43. Kf1 Rg6 44. Re2 Nf8 45. f4 Nd7 46. Be1 Rh6
47. f5 Bf7 48. Bd2 Rh8 49. Nxf6+ Kd8 50. Bg5 1-0

[Event "Capablanca Memorial"]
[Site "Havana CUB"]
[Date "2012.05.12"]
[Round "8"]
[White "Potkin, Vladimir"]
[Black "Dominguez Perez, Leinier"]
[Result "1/2-1/2"]
[WhiteElo "2642"]
[BlackElo "2725"]
[PlyCount "139"]
[EventDate "2012.??.??"]

1. d4 Nf6 2. c4 g6 3. Nc3 d5 4. Nf3 Bg7 5. Qb3 dxc4 6. Qxc4 O-O 7. e4 a6 8. Be2
b5 9. Qb3 c5 10. dxc5 Bb7 11. e5 Nfd7 12. Be3 e6 13. O-O Qc7 14. a4 Nxc5 15.
Qb4 Nxa4 16. Nxa4 bxa4 17. Bb6 Qd7 18. Bc5 Rc8 19. Bd6 Bd5 20. Rxa4 Nc6 21. Qa3
a5 22. h4 Qb7 23. h5 Qb3 24. Qxb3 Bxb3 25. Ra3 Bd5 26. Rfa1 Bf8 27. b4 Nxb4 28.
Rxa5 Rxa5 29. Rxa5 Nc6 30. Rc5 Bxd6 31. exd6 Rd8 32. hxg6 hxg6 33. Bb5 Rxd6 34.
Bxc6 Bxc6 35. Ne5 Be8 36. f3 Kf8 37. Rc8 g5 38. Ng4 Ke7 39. Nf6 Kxf6 40. Rxe8
Kf5 41. Ra8 e5 42. Kf2 g4 43. Ra7 f6 44. Kg3 Rd3 45. Ra4 gxf3 46. gxf3 Rd7 47.
Rb4 Rd2 48. Ra4 Rd4 49. Ra6 Kg5 50. Ra5 Rd3 51. Rb5 Kf5 52. Rb6 Rd8 53. Rb4 Rd6
54. Ra4 Kg6 55. Ra5 Kf7 56. f4 Rd3+ 57. Kf2 e4 58. f5 Rf3+ 59. Ke2 Kg7 60. Ra4
Rxf5 61. Rxe4 Kg6 62. Rg4+ Kh5 63. Rg3 Kh4 64. Rf3 Re5+ 65. Kf2 f5 66. Rf4+ Kg5
67. Ra4 Rc5 68. Kf3 Rc3+ 69. Kf2 Rc2+ 70. Kf3 1/2-1/2

[Event "Capablanca Memorial"]
[Site "Havana CUB"]
[Date "2012.05.12"]
[Round "8"]
[White "Ivanchuk, Vassily"]
[Black "Quesada Perez, Yuniesky"]
[Result "1/2-1/2"]
[WhiteElo "2764"]
[BlackElo "2625"]
[PlyCount "119"]
[EventDate "2012.??.??"]

1. d4 Nf6 2. c4 e6 3. Nf3 Bb4+ 4. Bd2 Bxd2+ 5. Qxd2 d5 6. g3 c6 7. Bg2 Nbd7 8.
O-O b6 9. Na3 O-O 10. Rfc1 Bb7 11. cxd5 Ne4 12. Qf4 exd5 13. Nc4 Ndf6 14. Nfd2
Nxd2 15. Nxd2 Re8 16. e3 Qe7 17. Rc2 a5 18. Rac1 a4 19. a3 Nh5 20. Qf5 g6 21.
Qd3 Nf6 22. Rc3 Ra5 23. Qc2 Kg7 24. h4 h5 25. Bh3 Qd6 26. Qd1 Qe7 27. R3c2 Ba8
28. Qe1 c5 29. dxc5 Rxc5 30. Bg2 Rxc2 31. Rxc2 d4 32. Bxa8 Rxa8 33. e4 Ng4 34.
Nf3 Rd8 35. Rc6 Ne5 36. Nxe5 Qxe5 37. f4 Qb5 38. Rc2 Qb3 39. Rd2 Qf3 40. e5 d3
41. e6 f6 42. e7 Re8 43. Qf2 Qe4 44. Qf1 Qd4+ 45. Qf2 Qe4 46. Qf1 Qd4+ 47. Qf2
Qd7 48. Qf3 Rxe7 49. Rxd3 Qb5 50. Rd2 Qc5+ 51. Kh2 b5 52. Qd3 Qe3 53. Qd5 Qe1
54. Rg2 Qf1 55. Rc2 Re2+ 56. Rxe2 Qxe2+ 57. Qg2 Qc4 58. Qd2 Kf7 59. Qd7+ Kf8
60. Qd8+ 1/2-1/2

[Event "Capablanca Memorial"]
[Site "Havana CUB"]
[Date "2012.05.12"]
[Round "8"]
[White "Laznicka, Viktor"]
[Black "Nepomniachtchi, Ian"]
[Result "0-1"]
[WhiteElo "2693"]
[BlackElo "2716"]
[PlyCount "78"]
[EventDate "2012.??.??"]

1. d4 f5 2. g3 Nf6 3. Bg2 g6 4. b3 Bg7 5. Bb2 O-O 6. Nf3 d6 7. O-O c6 8. c4 Qc7
9. Nbd2 a5 10. Qc2 Na6 11. a3 Re8 12. Rfd1 e5 13. c5 e4 14. cxd6 Qxd6 15. Nc4
Qc7 16. Nfe5 Be6 17. f3 exf3 18. exf3 f4 19. Qd2 Nd5 20. Qxa5 b6 21. Qd2 b5 22.
Na5 Bxe5 23. dxe5 Ne3 24. Qc3 Nxd1 25. Rxd1 Qb6+ 26. Kh1 Nc5 27. Nxc6 Rac8 28.
Nd4 Na4 29. bxa4 Rxc3 30. Bxc3 bxa4 31. Nxe6 Qb3 32. Rc1 Qxa3 33. Bd2 Rxe6 34.
Bxf4 Qb2 35. Bh3 Re7 36. Rc8+ Kg7 37. Bf1 Qb7 38. Rd8 a3 39. Bc4 Qb1+ 0-1

[Event "Asian Continental"]
[Site "?"]
[Date "2012.05.13"]
[Round "9"]
[White "Le Quang, Liem"]
[Black "Yu, Yangyi"]
[Result "1/2-1/2"]
[WhiteElo "2703"]
[BlackElo "2626"]
[PlyCount "80"]
[EventDate "2012.??.??"]
[SourceDate "2012.05.13"]

1. d4 Nf6 2. c4 e6 3. Nf3 Bb4+ 4. Bd2 c5 5. Bxb4 cxb4 6. a3 Qe7 7. e3 b6 8. Be2
Bb7 9. O-O Na6 10. Qa4 bxa3 11. Nxa3 Nb4 12. Nb5 Bc6 13. Ne5 O-O 14. Nxc6 Nxc6
15. Rfc1 a5 16. Bf3 Rab8 17. h3 Nb4 18. c5 bxc5 19. Rxc5 Nd3 20. Rc2 Qb4 21.
Be2 Qxa4 22. Rxa4 Nb4 23. Rc5 Nc6 24. Bf3 d5 25. Nd6 Ne7 26. Rc7 Rfd8 27. Rxe7
Rxd6 28. Rc7 Ne8 29. Rc2 Rdb6 30. Ra2 Nd6 31. Rxa5 Nc4 32. Rc5 Rxb2 33. Rxb2
Nxb2 34. Be2 Na4 35. Rc7 Nb6 36. Ba6 Kf8 37. Kh2 Ra8 38. Bd3 Ra3 39. Rb7 Rxd3
40. Rxb6 g5 1/2-1/2

[Event "Czech Republic Championship"]
[Site "?"]
[Date "2012.05.12"]
[Round "1"]
[White "Sikorova, Olga"]
[Black "Navara, David"]
[Result "0-1"]
[WhiteElo "2271"]
[BlackElo "2706"]
[PlyCount "44"]
[EventDate "2012.??.??"]
[SourceDate "2012.05.13"]

1. f4 d5 2. Nf3 Bg4 3. e3 Nd7 4. h3 Bxf3 5. Qxf3 Ngf6 6. d4 c5 7. Nd2 e6 8. c3
Be7 9. Bd3 O-O 10. g4 Ne8 11. g5 Nd6 12. h4 b5 13. h5 b4 14. Qh3 bxc3 15. bxc3
Qa5 16. Bb2 c4 17. Bxh7+ Kxh7 18. g6+ Kh6 19. Nf3 Rab8 20. Qg2 f6 21. a4 Ne4
22. Qh2 Rxb2 0-1

[Event "20th Sigeman & Co"]
[Site "Malmo SWE"]
[Date "2012.05.13"]
[Round "4"]
[White "Hector, Jonny"]
[Black "Li, Chao b"]
[Result "0-1"]
[WhiteElo "2560"]
[BlackElo "2703"]
[PlyCount "80"]
[EventDate "2012.05.09"]

1. e4 c5 2. Nf3 d6 3. d4 cxd4 4. Nxd4 Nf6 5. Nc3 Nc6 6. Be3 e5 7. Nxc6 bxc6 8.
Be2 Be7 9. O-O O-O 10. f4 exf4 11. Rxf4 Be6 12. Qd2 Nd7 13. Rd1 Ne5 14. b3 Re8
15. Na4 Qc7 16. c4 Rad8 17. Rf2 d5 18. cxd5 cxd5 19. Rc1 Qb8 20. Qd4 dxe4 21.
Qxe4 Bd5 22. Qf5 Bh4 23. g3 Ng6 24. gxh4 Rxe3 25. Qg5 Re5 26. Qg3 Rde8 27. h5
Nf8 28. h6 Ne6 29. Bg4 Ng5 30. Rf5 gxh6 31. Rxe5 Qxe5 32. Qxe5 Rxe5 33. Nc3 Bb7
34. Kf2 h5 35. Be2 Nh3+ 36. Kg3 Re3+ 37. Kh4 Nf4 38. Bxh5 Ng2+ 39. Kg5 Kg7 40.
Bg4 f6+ 0-1

[Event "20th Sigeman & Co"]
[Site "Malmo SWE"]
[Date "2012.05.13"]
[Round "4"]
[White "Caruana, Fabiano"]
[Black "Berg, Emanuel"]
[Result "1/2-1/2"]
[WhiteElo "2770"]
[BlackElo "2587"]
[PlyCount "83"]
[EventDate "2012.05.09"]

1. d4 Nf6 2. c4 g6 3. Nf3 Bg7 4. g3 O-O 5. Bg2 d6 6. O-O Nbd7 7. Nc3 e5 8. e4
a6 9. a4 Rb8 10. h3 exd4 11. Nxd4 Re8 12. Be3 Nc5 13. Qc2 Qe7 14. Rfe1 Nfxe4
15. Nxe4 Nxe4 16. Bxe4 Qxe4 17. Bd2 Qxe1+ 18. Rxe1 Rxe1+ 19. Bxe1 Bxd4 20. Qe4
Be5 21. Bc3 Bf5 22. Qe3 Bxc3 23. bxc3 Rc8 24. Qf3 Rb8 25. g4 Bd7 26. a5 Bc6 27.
Qf6 Re8 28. f4 Re3 29. Kh2 Re2+ 30. Kg3 Re3+ 31. Kh2 Re2+ 32. Kg1 Re3 33. Qh4
Kg7 34. f5 Rf3 35. c5 h6 36. fxg6 fxg6 37. cxd6 cxd6 38. Qe7+ Rf7 39. Qxd6 g5
40. h4 gxh4 41. Kh2 Rf1 42. Qd4+ 1/2-1/2

[Event "Czech Republic Championship"]
[Site "?"]
[Date "2012.05.13"]
[Round "2"]
[White "Navara, David"]
[Black "Lechtynsky, Jiri"]
[Result "1-0"]
[WhiteElo "2706"]
[BlackElo "2382"]
[PlyCount "83"]
[EventDate "2012.??.??"]
[SourceDate "2012.05.14"]

1. e4 c6 2. c4 e5 3. Nf3 Nf6 4. Nc3 d6 5. d4 Nbd7 6. Be2 Be7 7. O-O O-O 8. Re1
Re8 9. Bf1 Bf8 10. d5 a5 11. Be3 Qc7 12. h3 Nc5 13. Nd2 g6 14. a3 Bd7 15. b4
Na6 16. Rb1 axb4 17. axb4 cxd5 18. Nxd5 Nxd5 19. cxd5 b5 20. Qb3 Rec8 21. Ra1
Qb7 22. Qb2 f5 23. f3 f4 24. Bf2 Nc7 25. Nb3 Rxa1 26. Rxa1 Ra8 27. Na5 Qb8 28.
Ra3 Kf7 29. Nc6 Qb7 30. Ra7 Rxa7 31. Nd8+ Ke8 32. Nxb7 Rxb7 33. g3 g5 34. h4
Be7 35. hxg5 Bxg5 36. Bc5 Be7 37. gxf4 dxc5 38. Qxe5 Rb6 39. Qxc7 Rg6+ 40. Kf2
Bd6 41. Qb7 cxb4 42. Bxb5 1-0

[Event "Capablanca Memorial"]
[Site "Havana CUB"]
[Date "2012.05.13"]
[Round "9"]
[White "Quesada Perez, Yuniesky"]
[Black "Dominguez Perez, Leinier"]
[Result "1/2-1/2"]
[WhiteElo "2625"]
[BlackElo "2725"]
[PlyCount "41"]
[EventDate "2012.??.??"]

1. e4 c5 2. Nf3 d6 3. d4 cxd4 4. Nxd4 Nf6 5. Nc3 a6 6. Bg5 e6 7. f4 Nc6 8. Nxc6
bxc6 9. e5 h6 10. Bh4 g5 11. fxg5 Nd5 12. Ne4 Qb6 13. Bd3 hxg5 14. Bxg5 Qxb2
15. c4 Be7 16. Bxe7 Ne3 17. Qc1 Nxg2+ 18. Kd1 Ne3+ 19. Ke1 Ng2+ 20. Kd1 Ne3+
21. Ke1 1/2-1/2

[Event "Capablanca Memorial"]
[Site "Havana CUB"]
[Date "2012.05.13"]
[Round "9"]
[White "Nepomniachtchi, Ian"]
[Black "Ivanchuk, Vassily"]
[Result "1/2-1/2"]
[WhiteElo "2716"]
[BlackElo "2764"]
[PlyCount "114"]
[EventDate "2012.??.??"]

1. c4 c5 2. Nf3 Nf6 3. Nc3 e6 4. g3 b6 5. Bg2 Bb7 6. O-O Be7 7. Re1 Ne4 8. Nxe4
Bxe4 9. d3 Bb7 10. e4 Nc6 11. d4 cxd4 12. Nxd4 Nxd4 13. Qxd4 O-O 14. Qd3 Qc7
15. b3 a5 16. Bf4 e5 17. Bd2 Rfd8 18. Red1 Bb4 19. Bg5 f6 20. a3 Bc5 21. Bc1
Bd4 22. Ra2 Qc5 23. Rad2 Bc6 24. Bf1 Rdb8 25. Qb1 b5 26. Bb2 Bxb2 27. b4 axb4
28. axb4 Qe7 29. Rxb2 Kh8 30. cxb5 Bxb5 31. Rd5 Bc6 32. Ra5 Qd6 33. Rxa8 Bxa8
34. Qd3 Qc6 35. f3 Qb6+ 36. Kg2 d5 37. exd5 Rd8 38. Qc2 Bxd5 39. Qf2 Qe6 40.
Qe3 e4 41. fxe4 Bxe4+ 42. Kg1 Rd1 43. b5 h6 44. Re2 Qf5 45. Qf2 Rb1 46. Qxf5
Bxf5 47. Kf2 Bd7 48. Re7 Bxb5 49. Bxb5 Rxb5 50. h4 Kh7 51. Kf3 Kg6 52. Ra7 f5
53. h5+ Kf6 54. Ra6+ Ke5 55. Ra7 Rb3+ 56. Kg2 Kf6 57. Ra6+ Kf7 1/2-1/2

[Event "Czech Republic Championship"]
[Site "?"]
[Date "2012.05.14"]
[Round "3"]
[White "Rasik, Vitezslav"]
[Black "Navara, David"]
[Result "0-1"]
[WhiteElo "2495"]
[BlackElo "2706"]
[PlyCount "70"]
[EventDate "2012.??.??"]
[SourceDate "2012.05.15"]

1. e4 c5 2. Nf3 d6 3. Bb5+ Nd7 4. c3 Ngf6 5. Qe2 a6 6. Ba4 b5 7. Bc2 Bb7 8. d4
e6 9. O-O Be7 10. Re1 Rc8 11. a4 cxd4 12. cxd4 O-O 13. axb5 axb5 14. Bd3 b4 15.
Nbd2 e5 16. b3 Re8 17. Bb2 Bf8 18. Ba6 Bxa6 19. Qxa6 d5 20. exd5 e4 21. Ne5 Rc2
22. Nec4 Ng4 23. h3 Nxf2 24. Kxf2 Qh4+ 25. Ke2 Qh5+ 26. g4 Qxh3 27. Kd1 Qd3 28.
Re3 Rxd2+ 29. Ke1 Rxb2 30. Rxd3 exd3+ 31. Kf1 Rh2 32. Ra2 Ree2 33. Rxe2 dxe2+
34. Ke1 Be7 35. Qc8+ Nf8 0-1

[Event "20th Sigeman & Co"]
[Site "Malmo SWE"]
[Date "2012.05.14"]
[Round "5"]
[White "Li, Chao b"]
[Black "Caruana, Fabiano"]
[Result "1/2-1/2"]
[WhiteElo "2703"]
[BlackElo "2770"]
[PlyCount "68"]
[EventDate "2012.05.09"]

1. d4 Nf6 2. Nf3 g6 3. c4 Bg7 4. Nc3 d5 5. cxd5 Nxd5 6. e4 Nxc3 7. bxc3 c5 8.
Rb1 O-O 9. Be2 Nc6 10. d5 Ne5 11. Nxe5 Bxe5 12. Qd2 e6 13. f4 Bc7 14. O-O exd5
15. exd5 Ba5 16. d6 Rb8 17. Rb5 Bd7 18. f5 Bxb5 19. Bxb5 Qh4 20. Rf4 Qg5 21.
Qe1 Qd8 22. Qe5 Re8 23. Qd5 Re1+ 24. Kf2 g5 25. f6 h6 26. Qf5 Qxd6 27. Kxe1 Rd8
28. Kf2 Qd1 29. Bc4 Kh8 30. Rf3 Qxc1 31. Bd3 Qd2+ 32. Kf1 Qd1+ 33. Kf2 Qd2+ 34.
Kf1 Qd1+ 1/2-1/2

[Event "20th Sigeman & Co"]
[Site "Malmo SWE"]
[Date "2012.05.14"]
[Round "5"]
[White "Leko, Peter"]
[Black "Giri, Anish"]
[Result "1/2-1/2"]
[WhiteElo "2723"]
[BlackElo "2693"]
[PlyCount "43"]
[EventDate "2012.05.09"]

1. e4 e5 2. Nf3 Nc6 3. Bc4 Nf6 4. d3 Bc5 5. c3 O-O 6. O-O d5 7. exd5 Nxd5 8.
Nbd2 Nf6 9. Qe2 Bd6 10. Ne4 Nxe4 11. dxe4 Qf6 12. Be3 h6 13. Nd2 Ne7 14. Qf3
Qg6 15. Qg3 Qf6 16. Qf3 Qg6 17. Bb3 Kh8 18. Qg3 Qf6 19. Qf3 Qg6 20. Qg3 Qf6 21.
Qf3 Qg6 22. Qg3 1/2-1/2

[Event "Capablanca Memorial"]
[Site "Havana CUB"]
[Date "2012.05.14"]
[Round "10"]
[White "Ivanchuk, Vassily"]
[Black "Laznicka, Viktor"]
[Result "1/2-1/2"]
[WhiteElo "2764"]
[BlackElo "2693"]
[PlyCount "21"]
[EventDate "2012.??.??"]

1. d4 d5 2. c4 c6 3. Nf3 Nf6 4. Nc3 a6 5. a4 e6 6. g3 dxc4 7. Bg2 c5 8. dxc5
Qxd1+ 9. Nxd1 Bd7 10. Ne5 Nc6 11. Nxc6 1/2-1/2

[Event "Capablanca Memorial"]
[Site "Havana CUB"]
[Date "2012.05.14"]
[Round "10"]
[White "Dominguez Perez, Leinier"]
[Black "Nepomniachtchi, Ian"]
[Result "1-0"]
[WhiteElo "2725"]
[BlackElo "2716"]
[PlyCount "107"]
[EventDate "2012.??.??"]

1. e4 c5 2. Nf3 e6 3. d4 cxd4 4. Nxd4 Nc6 5. Nc3 Qc7 6. Be3 a6 7. Qd2 Nf6 8.
O-O-O b5 9. Nxc6 Qxc6 10. f3 Bb7 11. Bd3 b4 12. Ne2 h5 13. Kb1 Qc7 14. Rhe1 Be7
15. Bf4 Qb6 16. Bg5 Bc5 17. Bc4 Qc7 18. Nd4 Nh7 19. Bf4 e5 20. Nb3 Rd8 21. Bxe5
Qxe5 22. Bd5 Be7 23. Bxb7 Qxh2 24. Rh1 Qc7 25. Rxh5 g6 26. Rh3 Qxb7 27. Rdh1
Bf6 28. Rxh7 Rxh7 29. Rxh7 d5 30. e5 Bxe5 31. Nc5 Qe7 32. Nd3 Bd6 33. Rh1 Kd7
34. Re1 Qh4 35. Qe3 d4 36. Qe2 Kc6 37. Ne5+ Bxe5 38. Qxa6+ Kc7 39. Qa5+ Kc6 40.
Qa6+ Kc7 41. Qa5+ Kc6 42. Qxe5 Rd7 43. Qe2 Kb6 44. Qd2 d3 45. Qe3+ Ka6 46. cxd3
Qd8 47. Qc5 Rxd3 48. Qc4+ Ka7 49. Qxf7+ Rd7 50. Rd1 Rxf7 51. Rxd8 Re7 52. Kc2
Re2+ 53. Rd2 Re3 54. Rd7+ 1-0

[Event "Czech Republic Championship"]
[Site "?"]
[Date "2012.05.15"]
[Round "4"]
[White "Navara, David"]
[Black "Kislinsky, Alexej"]
[Result "1/2-1/2"]
[WhiteElo "2706"]
[BlackElo "2532"]
[PlyCount "88"]
[EventDate "2012.05.12"]

1. d4 Nf6 2. c4 g6 3. Nc3 Bg7 4. e4 d6 5. Nf3 O-O 6. Be2 c5 7. O-O cxd4 8. Nxd4
Nc6 9. Be3 Re8 10. Rc1 Nd7 11. Qd2 Nc5 12. Rfd1 Bd7 13. f3 Na4 14. Nd5 e6 15.
Nb4 Nxd4 16. Bxd4 a5 17. Bxg7 Kxg7 18. Nd3 Bc6 19. Nf2 e5 20. b3 Nc5 21. Qxd6
Qb6 22. Qd2 Ne6 23. Kf1 h5 24. Qc3 Nd4 25. c5 Qd8 26. Bc4 Qe7 27. Qe3 Red8 28.
Nd3 a4 29. b4 a3 30. Kg1 Rd7 31. Rf1 Rad8 32. f4 exf4 33. Nxf4 Qxe4 34. Qxa3
Nf5 35. Qc3+ Qd4+ 36. Qxd4+ Rxd4 37. Nxh5+ Kh6 38. b5 Rxc4 39. bxc6 Rxc1 40.
Rxc1 bxc6 41. Ng3 Nxg3 42. hxg3 Ra8 43. Rb1 Ra5 44. a4 Kg5 1/2-1/2

[Event "20th Sigeman & Co"]
[Site "Malmo SWE"]
[Date "2012.05.16"]
[Round "7"]
[White "Hector, J."]
[Black "Caruana, F."]
[Result "0-1"]
[WhiteElo "2560"]
[BlackElo "2770"]
[PlyCount "60"]
[EventDate "2012.05.09"]

1. e4 e5 2. Nc3 Nf6 3. f4 d5 4. fxe5 Nxe4 5. Nf3 Nc6 6. Bb5 Bb4 7. O-O O-O 8.
Ne2 Bg4 9. Bxc6 bxc6 10. Kh1 Ng5 11. d3 f6 12. Bxg5 fxg5 13. c3 Be7 14. Qa4 Bd7
15. Nd2 c5 16. Rxf8+ Bxf8 17. Qb3 Bf5 18. c4 Rb8 19. Qc3 d4 20. Qc2 Qe8 21. Ng3
Bg6 22. Re1 g4 23. h3 Qe6 24. hxg4 Qxg4 25. Ndf1 Be7 26. b3 Bh4 27. Qd1 Qxd1
28. Rxd1 Re8 29. Ne2 Bh5 30. Rd2 Bg5 0-1

[Event "USA Championship"]
[Site "Saint Louis USA"]
[Date "2012.05.16"]
[Round "8"]
[White "Lenderman, A."]
[Black "Kamsky, G."]
[Result "0-1"]
[WhiteElo "2587"]
[BlackElo "2741"]
[PlyCount "88"]
[EventDate "2012.05.08"]

1. d4 d5 2. c4 c6 3. Nf3 Nf6 4. Nc3 a6 5. c5 g6 6. h3 Bg7 7. Bf4 Bf5 8. Qb3 Qc8
9. Nh4 Be6 10. Na4 Nbd7 11. e3 Ne4 12. Nf3 h6 13. Bd3 f5 14. Rc1 g5 15. Bh2 Bf7
16. Rc2 O-O 17. Nb6 Nxb6 18. Qxb6 Bh5 19. Be5 Nf6 20. Qc7 Nd7 21. Qxc8 Raxc8
22. Bxg7 Kxg7 23. Be2 Bxf3 24. Bxf3 e5 25. b4 Rce8 26. O-O Kg6 27. a4 h5 28. g3
g4 29. hxg4 hxg4 30. Bg2 exd4 31. exd4 Nf6 32. b5 a5 33. Rb1 f4 34. gxf4 Nh5
35. bxc6 bxc6 36. Rb6 Re1+ 37. Bf1 Rf6 38. Re2 Rd1 39. f5+ Kxf5 40. Re5+ Kg6
41. Rb8 Ng3 42. Rg8+ Kf7 43. Rxg4 Nxf1 44. Kg2 Nd2 0-1

[Event "USA Championship"]
[Site "Saint Louis USA"]
[Date "2012.05.16"]
[Round "8"]
[White "Stripunsky, A."]
[Black "Nakamura, Hi"]
[Result "0-1"]
[WhiteElo "2562"]
[BlackElo "2775"]
[PlyCount "143"]
[EventDate "2012.05.08"]

1. e4 e6 2. d4 d5 3. Nd2 Nc6 4. Ngf3 Nf6 5. e5 Nd7 6. Nb3 a5 7. a4 Be7 8. Bb5
Na7 9. Bd3 b6 10. Bd2 c5 11. dxc5 Nxc5 12. Nxc5 bxc5 13. b3 O-O 14. Qe2 Nc6 15.
Bb5 Qb6 16. O-O Ba6 17. c4 Bb7 18. Rad1 Nb4 19. Ng5 h6 20. Nh3 d4 21. Nf4 Kh7
22. Rfe1 Rg8 23. Nd3 Raf8 24. Nxb4 axb4 25. Qd3+ g6 26. Bf4 Kg7 27. Qh3 g5 28.
Bg3 Kh7 29. Qg4 Rg6 30. h3 Kg7 31. Qh5 Rg8 32. Rd3 Qa7 33. f3 Bd8 34. Kf2 Kf8
35. Ke2 Bc7 36. Kd1 Qa8 37. Kc1 f5 38. Bh2 Ke7 39. Rd2 f4 40. Bg1 Qf8 41. Bxd4
cxd4 42. Rxd4 Bc8 43. c5 Qg7 44. Rd6 Bxd6 45. cxd6+ Kd8 46. Bd3 Bb7 47. Qxg6
Qxg6 48. Bxg6 Rxg6 49. Rd1 Bd5 50. Rd4 Kd7 51. Rxb4 Rg8 52. Kd2 Rf8 53. a5 h5
54. Rb6 Ra8 55. b4 g4 56. hxg4 hxg4 57. fxg4 Bxg2 58. a6 Bd5 59. Rb5 f3 60. Ke3
Rf8 61. Kf2 Rh8 62. Rxd5 exd5 63. b5 Rb8 64. g5 Rxb5 65. g6 Rb8 66. a7 Ra8 67.
g7 Ke6 68. Kxf3 Kxe5 69. d7 Kd6 70. Kf4 Kxd7 71. Ke5 Kc6 72. Kd4 0-1

[Event "Czech Republic Championship"]
[Site "?"]
[Date "2012.05.16"]
[Round "5"]
[White "Cvek, Robert"]
[Black "Navara, David"]
[Result "1/2-1/2"]
[WhiteElo "2563"]
[BlackElo "2706"]
[PlyCount "120"]
[EventDate "2012.05.12"]

1. Nf3 Nf6 2. c4 e6 3. g3 d5 4. Bg2 dxc4 5. Qa4+ c6 6. Qxc4 b5 7. Qc2 Bb7 8.
O-O Nbd7 9. a4 Rc8 10. Nc3 Be7 11. d3 b4 12. Nb1 O-O 13. b3 c5 14. Bb2 Bxf3 15.
Bxf3 Nd5 16. e4 Nc7 17. Re1 Nb8 18. Nd2 Nc6 19. Bg2 Nd4 20. Qc4 Qd7 21. Bxd4
Qxd4 22. Qxd4 cxd4 23. e5 Nd5 24. Nc4 Nc3 25. Rac1 Rxc4 26. dxc4 d3 27. Rcd1
Nxd1 28. Rxd1 Rd8 29. Rd2 Bc5 30. Bf1 Kf8 31. Kg2 Ke7 32. Rxd3 Rxd3 33. Bxd3
Bd4 34. f4 h5 35. Kf3 g6 36. h3 a5 37. Ke4 Bf2 38. g4 hxg4 39. hxg4 Bc5 40. f5
g5 41. Be2 Kf8 42. Bf3 Ke7 43. Kd3 Kd7 44. Bb7 Kc7 45. Ba8 Kd7 46. Bb7 Kc7 47.
Ba6 Kd7 48. Bb5+ Ke7 49. Bc6 Kf8 50. Bd7 Ke7 51. Bc8 Kd8 52. Ba6 Kd7 53. Ke4
Ke7 54. Bc8 Ba7 55. f6+ Ke8 56. c5 Bxc5 57. Kd3 Bb6 58. Kc4 Bc7 59. Kd4 Bb6+
60. Kc4 Bc7 1/2-1/2

[Event "Czech Republic Championship"]
[Site "?"]
[Date "2012.05.17"]
[Round "6"]
[White "Navara, David"]
[Black "Babula, Vlastimil"]
[Result "1/2-1/2"]
[WhiteElo "2706"]
[BlackElo "2563"]
[PlyCount "68"]
[EventDate "2012.05.12"]

1. e4 c5 2. Nf3 Nc6 3. d4 cxd4 4. Nxd4 Qb6 5. Nb3 Nf6 6. Nc3 e6 7. Bd3 a6 8.
O-O d6 9. a4 Qc7 10. a5 Be7 11. Be3 O-O 12. Na4 Bd7 13. Nb6 Rad8 14. f4 Nb4 15.
Qd2 Nxd3 16. cxd3 e5 17. fxe5 dxe5 18. Rxf6 Bxf6 19. Nd5 Qc6 20. Rc1 Qe6 21.
Nc5 Qc6 22. Qf2 Bc8 23. Nxb7 Qxb7 24. Nxf6+ gxf6 25. Bh6 Qd7 26. Rxc8 Qd4 27.
Qxd4 exd4 28. Rc6 Rfe8 29. Rxa6 Rb8 30. Rxf6 Re6 31. Bf4 Rxb2 32. Rf5 Rb3 33.
Rd5 Rxd3 34. Be5 f6 1/2-1/2

[Event "Czech Republic Championship"]
[Site "?"]
[Date "2012.05.18"]
[Round "7"]
[White "Zilka, Stepan"]
[Black "Navara, David"]
[Result "0-1"]
[WhiteElo "2513"]
[BlackElo "2706"]
[PlyCount "126"]
[EventDate "2012.05.12"]

1. d4 Nf6 2. c4 e6 3. Nc3 Bb4 4. Qc2 O-O 5. a3 Bxc3+ 6. Qxc3 d6 7. Bg5 Nbd7 8.
f3 d5 9. e3 h6 10. Bh4 Re8 11. Nh3 e5 12. O-O-O e4 13. Nf2 Nf8 14. f4 Ng6 15.
Bxf6 Qxf6 16. g3 c6 17. Kb1 dxc4 18. Bxc4 Be6 19. Ka1 Bd5 20. Rc1 Ne7 21. Qb3
Qe6 22. Bxd5 Nxd5 23. Qxb7 c5 24. Rxc5 Nxe3 25. Qc6 Qxc6 26. Rxc6 Nf5 27. Re1
e3 28. Nd3 Nxd4 29. Rc3 e2 30. Nc1 Re4 31. Kb1 Rae8 32. Nb3 Nf5 33. Rd3 g5 34.
fxg5 hxg5 35. Rd5 R8e5 36. Rxe5 Rxe5 37. g4 Nh4 38. Nc1 Nf3 39. Rxe2 Rxe2 40.
Nxe2 Nxh2 41. b4 Nxg4 42. a4 Ne3 43. Kb2 f5 44. Kc3 Kf7 45. Kd4 f4 46. b5 Ke6
47. a5 Nf5+ 48. Kd3 Nd6 49. Nd4+ Kd5 50. a6 Nc8 51. Nc6 Kc5 52. Nd4 g4 53. Ne6+
Kxb5 54. Nxf4 Kxa6 55. Ke3 Kb5 56. Ne2 Kc4 57. Kf4 Kd3 58. Nc1+ Kc2 59. Ne2 a5
60. Nd4+ Kb2 61. Nb5 a4 62. Kxg4 Na7 63. Nd6 Kb3 0-1

[Event "Czech Republic Championship"]
[Site "?"]
[Date "2012.05.19"]
[Round "8"]
[White "Navara, David"]
[Black "Konopka, Michal"]
[Result "1-0"]
[WhiteElo "2706"]
[BlackElo "2452"]
[PlyCount "103"]
[EventDate "2012.05.12"]

1. e4 e5 2. Bc4 Nf6 3. d3 Nc6 4. Nf3 Be7 5. O-O O-O 6. Re1 d6 7. a4 Be6 8. a5
Qd7 9. a6 Bxc4 10. axb7 Rab8 11. dxc4 Rxb7 12. Nc3 Nd8 13. b3 Ne6 14. h3 c6 15.
Be3 Qc7 16. Ra6 Nd7 17. Qe2 Ndc5 18. Ra2 Qb8 19. Rd1 Bd8 20. Qd2 Bc7 21. Nh4 g6
22. Bh6 Rd8 23. Qe3 Rd7 24. Qg3 Qd8 25. Qg4 Nd4 26. Nf5 Nce6 27. Nxd4 Nxd4 28.
Bg5 Qe8 29. Rda1 Bb6 30. Na4 Bd8 31. Be3 h5 32. Qd1 Ne6 33. Nc3 Bb6 34. Bxb6
axb6 35. b4 Kg7 36. h4 Nd4 37. Nb1 Qe7 38. g3 b5 39. c3 Ne6 40. Ra6 c5 41. cxb5
cxb4 42. cxb4 d5 43. exd5 Nd4 44. Nc3 Qxb4 45. Rc1 Rbc7 46. Ra4 Rxc3 47. Rxb4
Rxc1 48. Rxd4 Rxd1+ 49. Rxd1 Kf6 50. b6 Ke7 51. Kf1 Kd8 52. Rc1 1-0

[Event "USA Championship"]
[Site "Saint Louis USA"]
[Date "2012.05.19"]
[Round "11"]
[White "Hess, R."]
[Black "Kamsky, G."]
[Result "1/2-1/2"]
[WhiteElo "2635"]
[BlackElo "2741"]
[PlyCount "116"]
[EventDate "2012.05.08"]

1. d4 d5 2. c4 c6 3. Nf3 Nf6 4. Nc3 a6 5. c5 g6 6. h3 Bg7 7. Bf4 O-O 8. e3 Bf5
9. Qb3 Qc8 10. Be2 Nbd7 11. O-O Ne4 12. Rfd1 Re8 13. Na4 e5 14. Nxe5 Nexc5 15.
dxc5 Bxe5 16. Bxe5 Rxe5 17. Rd4 Qc7 18. Rb4 Rb8 19. Rc1 Be4 20. Qd1 a5 21. Rd4
Rbe8 22. Bf1 h5 23. a3 Nf6 24. Nc3 Kg7 25. Ra4 g5 26. Nxe4 Rxe4 27. Rxe4 Rxe4
28. Bd3 Re8 29. Be2 h4 30. Qc2 Qe5 31. Rd1 Ng8 32. Rd4 f5 33. Qc3 Nf6 34. Bd3
f4 35. exf4 gxf4 36. Kf1 Kh6 37. Ra4 Qxc3 38. bxc3 Ne4 39. Bxe4 Rxe4 40. Rxa5
Rc4 41. Ra7 Rxc3 42. Rxb7 Rxc5 43. a4 Kg6 44. Rb6 Kf5 45. a5 Rxa5 46. Rxc6 Ke4
47. Re6+ Kd3 48. g3 d4 49. Kg2 Rf5 50. gxh4 f3+ 51. Kg3 Kc2 52. Rc6+ Kd2 53. h5
Rxh5 54. Rd6 d3 55. Kxf3 Rxh3+ 56. Kg4 Rh2 57. f4 Ke3 58. f5 d2 1/2-1/2